| 000 | 00894nam a22002417a 4500 | ||
|---|---|---|---|
| 999 |
_c19650 _d19650 |
||
| 003 | AR-CdUCM | ||
| 008 | 190518b ||||| |||| 00| 0 spa d | ||
| 040 |
_aMUNICIPALIDAD PROVINCIAL DEL CUSCO _cBIBLIOTECA MUNICIPAL DEL CUSCO |
||
| 082 |
_a531.3 / _bM43 |
||
| 100 |
_aMeriam, J. L. _941107 |
||
| 245 | _aDinámica / | ||
| 260 |
_aBarcelona : _bReverte, _c1972. |
||
| 300 |
_a525 paginas ; _bIlustraciones, diagramas, _c23 cm. |
||
| 500 | _aTitulo original : Dynamics | ||
| 505 | _aContenido : Aceleración angular absoluta -- Campos de fuerza -- Cinética -- Coeficiente de amortiguamiento -- Constantes del sistema... | ||
| 650 |
_aCinética _918809 |
||
| 650 |
_aAceleración _941108 |
||
| 650 |
_aEquilibrio dinámico _941109 |
||
| 650 |
_aDiferencial exacta _941110 |
||
| 700 |
_aFernándes Ferrer, Julián (Traducción) _941111 |
||
| 942 |
_2ddc _cLIBROS |
||
| 945 |
_awnts _d2019-05-18 |
||